| Tag |
First Indicator |
Second Indicator |
Subfields |
| LEADER |
00000cam a2200000 a 4500 |
| 001 |
in00002209113 |
| 005 |
20151104092107.0 |
| 008 |
061102s2006 gw a b 000 m ger c |
| 020 |
|
|
|a 3446207848
|
| 020 |
|
|
|a 9783446207844
|
| 029 |
1 |
|
|a NZ1
|b 11116888
|
| 035 |
|
|
|a (OCoLC)ocm74844436
|
| 040 |
|
|
|a UAB
|c UAB
|d TXA
|d UtOrBLW
|
| 042 |
|
|
|a pcc
|
| 049 |
|
|
|a TXAM
|
| 050 |
|
4 |
|a PT2668.A68
|b S36 2006
|
| 100 |
1 |
|
|a Harig, Ludwig.
|
| 245 |
1 |
0 |
|a Schönes Niemandsland :
|b Gedankenspiele und Gedichte /
|c Ludwig Harig ; herausgegeben von Gerhard Sauder.
|
| 264 |
|
1 |
|a München :
|b C. Hanser,
|c [2006]
|
| 264 |
|
4 |
|c ©2006
|
| 300 |
|
|
|a 499 pages, 10 unnumbered pages :
|b illustrations ;
|c 21 cm.
|
| 336 |
|
|
|a text
|b txt
|2 rdacontent
|
| 337 |
|
|
|a unmediated
|b n
|2 rdamedia
|
| 338 |
|
|
|a volume
|b nc
|2 rdacarrier
|
| 490 |
1 |
|
|a Gesammelte Werke / Ludwig Harig ;
|v Bd. 2
|
| 504 |
|
|
|a Includes bibliographical references.
|
| 505 |
0 |
|
|a Allseitige Beschreibung der Welt zur Heimkehr des Menschen in eine schönere Zukunft -- Zwei Dutzend Sonette an Orpheus von Rainer Maria Rilke -- Pfaffenweiler Blei -- Hundert Gedichte -- Sieben Menschen -- Menschen, Tiere, Sensationen -- Verstreute Gedichte 1953-2005 -- Im Rausch der Südwörter -- Anhang: Nachwort ; Kommentar.
|
| 700 |
1 |
|
|a Sauder, Gerhard.
|
| 800 |
1 |
|
|a Harig, Ludwig.
|t Works.
|f 2004 ;
|v Bd. 2.
|
| 948 |
|
|
|a cataloged
|b h
|c 2006/12/4
|d c
|e jlanham
|f 3:33:56 pm
|
| 949 |
|
|
|a updated
|b h
|c 2009/9/2
|d c
|e jmarner
|f 2:52:24 pm
|
| 994 |
|
|
|a C0
|b TXA
|
| 999 |
|
|
|a MARS
|
| 999 |
f |
f |
|s b292a910-55ad-39a8-9076-6043a01122a2
|i 09cec622-28bc-3f70-873b-f91e46731532
|t 0
|
| 952 |
f |
f |
|p normal
|a Texas A&M University
|b College Station
|c Sterling C. Evans Library
|d Evans: Library Stacks
|t 0
|e PT2668.A68 S36 2006
|h Library of Congress classification
|i unmediated -- volume
|m A14835124145
|
| 998 |
f |
f |
|a PT2668.A68 S36 2006
|t 0
|l Evans: Library Stacks
|